Council of the Elders (Record no. 18270)

MARC details
000 -LEADER
fixed length control field 00636nam a2200241 a 4500
020 ## - INTERNATIONAL STANDARD BOOK NUMBER
ISBN 9783366
082 00 - DEWEY DECIMAL CLASSIFICATION NUMBER
Classification number 968
Author Cutter BUL
100 ## - MAIN ENTRY--AUTHOR NAME
Author name Bulbulia, Firdoze
245 ## - TITLE STATEMENT
Title Council of the Elders
Sub title a Tribute to the Veterans of the South African Liber
260 ## - PUBLICATION, DISTRIBUTION, ETC. (IMPRINT)
Place of publication Lagos
Name of publisher Minaj Pub
Year of publication 1997
300 ## - PHYSICAL DESCRIPTION
Number of Pages 00p
500 ## - GENERAL NOTE
General note includes index and biblioraphy
505 2# - FORMATTED CONTENTS NOTE
Formatted contents note Xerox Copy
650 ## - SUBJECT ADDED ENTRY--TOPICAL TERM
Topical Term South Asia-History
942 ## - ADDED ENTRY ELEMENTS (KOHA)
Koha item type Books
700 1# -
-- Bulbulia, Firdoze
Holdings
Collection code Home library Current library Date acquired Cost, normal purchase price Full call number Accession Number Koha item type
  Henry Martyn Institute Library Henry Martyn Institute Library 05/30/2007 100.00 968 BUL 11001478 Books
                   Copyright © 2026 | Henry Martyn Institute | Hyderabad | TS-500052 | INDIA | Implemented by hmi.edu.in
Hit-Count:

Powered by Koha